Marx comes to India (Record no. 27734)

MARC details
000 -LEADER
fixed length control field 00282nam a2200121Ia 4500
082 ## - DEWEY DECIMAL CLASSIFICATION NUMBER
Classification number 929A/Z(MAR)
Item number JOS
100 ## - MAIN ENTRY--AUTHOR NAME
Personal name Damodaran, K
245 #0 - TITLE STATEMENT
Title Marx comes to India
260 ## - PUBLICATION, DISTRIBUTION, ETC. (IMPRINT)
Place of publication Delhi
Name of publisher Manohar
Year of publication 1975
700 ## - ADDED ENTRY--PERSONAL NAME
Personal name P C
942 ## - ADDED ENTRY ELEMENTS (KOHA)
Koha item type Books
Holdings
Withdrawn status Lost status Damaged status Not for loan Home library Current library Date acquired Cost, normal purchase price Full call number Accession Number Koha item type
        RRII Library RRII Library 16/12/2021 35.00 929A/Z(MAR) JOS 08350 Books